00990 2200289 4500001002100000005001700021008004100038020002200079035002400101040001200125082001600137084002200153090002600175100001300201245026800214250001100482260003700493300003700530650002700567700001900594700001300613700001500626700001100641850001200652990001800664990001800682INLIS00000000002204020160818091741.0  a978-602-8742-48-1 0010-081600000000397 aYOPDYOG a720.922 121 a720.922 121 Has M aBTR 720.922 121 Has M aHasanadi aMahakarya Rumah Gadang MinangkabaubInventarisasi Perlindungan Karya Budaya Mahakarya Rumah Gadang Minangkabau Di Sumatera Barat (Studi Kasus Rumah Gadang Di Nagari Sampur Kecamatan Batipuh Selatan Kabupaten Tanah Datar)c/ Hasanadi, dkk. ; editor, Rolly Fardinan aCet. 1 aPadangbBPSNT Padang Pressc2012 avii, 142 hlm.b: ilus.c; 26 cm. aArsitektur Minangkabau aRolly Fardinan aRefisrul aErric Syah aYondri aYOPDYOG a52628-PD/A.16 a52629-PD/A.16